Estadísticas para ¿River Plate o Boca Juniors?

Haz click aquí para intentar la prueba.

Estadísticas generales

  • Esta prueba ha sido intentada 85 veces
  • La puntuación promedio es 9 de 12

Estadísticas de respuestas

PreguntaRespuesta% Correcto
Club de Maradona en su trayectoria profesionalBoca Juniors
99%
Tiene blanco y rojo como sus coloresRiver Plate
99%
Tiene más campeonatos en la Copa IntercontinentalBoca Juniors
91%
Tiene el estadio más grandeRiver Plate
90%
Campeón de Primera División en 2023River Plate
89%
Tiene su sede en Buenos AiresAmbos
86%
Se fundó primeroRiver Plate
78%
Tiene la mejor racha de no perder en su historia de encuentrosBoca Juniors
70%
Tiene más títulos en el SuperclásicoBoca Juniors
68%
Ganó el primer encuentro oficial en 1913River Plate
59%
Tiene más campeonatos en la Recopa SudamericanaBoca Juniors
53%
Con más temporadas en la Primera DivisiónRiver Plate
38%

Distribución de puntuación

Porcentaje por número respondido

Porcentaje de gente con cada puntuación

Historial de tus puntuaciones

No has intentado esta prueba.